Ładuje się......

UGC (NET) manual for library and information science /

Opis bibliograficzny
1. autor: Dhiman, Anil K
Kolejni autorzy: Yashoda Rani, .
Format: Printed Book
Język:English
Wydane: New Delhi : Ess Ess , 2005.
Wydanie:1 /
Hasła przedmiotowe:
LEADER 00813cam a2200241ua 4500
001 18513
005 20150705131813.0
007 ta
008 111206s2005 g b000 u eng u
020 |a 81-7000-425-X  |c 375.00 
041 1 |a eng 
082 1 4 |a 020  |b DHI/U 
100 1 |a Dhiman, Anil K . 
245 1 0 |a UGC (NET) manual for library and information science /   |c Anil K Dhiman and Yasoda Rani.  |h Textual Documents 
250 |a 1 /   |b . 
260 |a New Delhi :   |b Ess Ess ,   |c 2005. 
300 |a 471p. ;  
365 |a 375.00 
541 |e LB00170   |h 375.00 
650 0 |a Library and information science 
700 1 |a Yashoda Rani, . 
999 |c 41705  |d 41705 
952 |0 1  |1 0  |4 0  |6 020_000000000000000_DHI_U  |7 0  |9 53568  |a KU  |b KU  |d 2015-07-05  |l 0  |o 020 DHI/U  |p LB00170  |r 2015-07-05  |w 2015-07-05  |y BK  |z Transferred to HGCL, Thavakkara